| 000 | 00963cab a2200241 4500 | ||
|---|---|---|---|
| 001 | ABS53198 | ||
| 008 | 090401t1995 xxu||||| |||| 00| 0 eng d | ||
| 035 | _a(Sirsi) u2609 | ||
| 041 | _aeng | ||
| 245 | _aTrafalgar House Construction (Regions) Ltd v General Surety & Guarantee Co Ltd | ||
| 260 | _c1995 | ||
| 350 | _a0 | ||
| 490 |
_aWeekly Law Reports _v(1995) 3 WLR 204-214(11) |
||
| 520 | _aHL 29 June 1995. Concerned a joint bond by subcontractor and surety for 10% of contract money. Subcontractor was unable to carry out subcontract and contractor claimed money from the surety pursuant to bond. Held that proof of damage was required to establish liability under the bond; there was a triable issue about the heads of claim. | ||
| 650 | _aBONDS | ||
| 650 | _aGUARANTEES | ||
| 650 | _aLEAVE TO DEFEND | ||
| 650 | _aLIABILITY | ||
| 650 | _aPERFORMANCE BONDS | ||
| 690 | _aBUILDING AND CONSTRUCTION-CASE LAW | ||
| 942 | _n0 | ||
| 948 | _c04/03/1997 | ||
| 999 |
_c1573 _d1573 |
||